Estadísticas para Comunas de la Región de Ñuble

Haz click aquí para intentar la prueba.

Estadísticas generales

  • Esta prueba ha sido intentada 13 veces
  • La puntuación promedio es 10 de 21

Estadísticas de respuestas

Comunas% Correcto
DiguillínChillán
100%
DiguillínChillán Viejo
83%
DiguillínBulnes
67%
PunillaSan Carlos
67%
DiguillínYungay
67%
ItataCobquecura
50%
ItataNinhue
50%
ItataQuirihue
50%
PunillaSan Fabián
50%
ItataCoelemu
33%
PunillaCoihueco
33%
DiguillínEl Carmen
33%
PunillaÑiquén
33%
DiguillínPinto
33%
DiguillínQuillón
33%
ItataRánquil
33%
DiguillínSan Ignacio
33%
PunillaSan Nicolás
33%
ItataTreguaco
33%
DiguillínPemuco
17%
ItataPortezuelo
17%

Distribución de puntuación

Porcentaje por número respondido

Porcentaje de gente con cada puntuación

Historial de tus puntuaciones

No has intentado esta prueba.